Tabulové nůžky (mechanické) H 3222.

Saved in:
Bibliographic Details
Format: Book
Language:Slovak
Czech
Published: [2009].
Edition:1. vyd.
Subjects:
Physical Description: 1 l.
Tags: Add Tag
No Tags, Be the first to tag this record!

MARC

LEADER 00000nam#a22000003a#4500
001 000345310
003 SVKKK
005 20090219083319.0
008 090109s2009 xo |||| 0 slo#d
040 |a SVK  |b slo  |c SVK  |e AACR2 
041 0 # |a cze 
044 |a cs  |c CR 
080 |a 621.967  |2 2001 
245 0 0 |a Tabulové nůžky (mechanické) H 3222. 
250 |a 1. vyd. 
260 # |c [2009]. 
300 |a 1 l. 
655 7 |a firemné prospekty  |2 SNKPH 
710 2 # |a Továrny strojírenské techniky, koncernová účelová organizace OSAN  |c Holečkova 31, 150 95 Praha 5, ČR  |4 dst 
910 |a svkkk 
998 |a FL 
090 |g SCKHL  |k SK42  |a 621.967  |j 218182  |i B148553  |4 zastaraná  |s Vyradená